|
|
|
|
| LEADER |
00000nam0a2200000 4500 |
| 001 |
295215 |
| 005 |
20231102000803.0 |
| 035 |
|
|
|a (RuTPU)RU\TPU\book\320292
|
| 090 |
|
|
|a 295215
|
| 100 |
|
|
|a 20150521d1972 k y0rusy50 ca
|
| 101 |
0 |
|
|a rus
|
| 102 |
|
|
|a RU
|
| 105 |
|
|
|a a z 001zy
|
| 200 |
1 |
|
|a Котельный агрегат типа ТПП-200 паропроизводительностью 2500т/ч (конструкция и монтаж)
|f О. М. Зелонджев
|
| 210 |
|
|
|a Москва
|c Энергия
|d 1972
|
| 215 |
|
|
|a 94 с.
|c ил.
|
| 225 |
1 |
|
|a Библиотека тепломонтажника
|
| 320 |
|
|
|a Библиогр.: с. 94.
|
| 606 |
1 |
|
|a Парогенераторы
|x Рабочий процесс
|2 stltpush
|3 (RuTPU)RU\TPU\subj\48291
|9 67167
|
| 610 |
1 |
|
|a котельные агрегаты
|
| 610 |
1 |
|
|a паропроизводительность
|
| 610 |
1 |
|
|a конструкция
|
| 610 |
1 |
|
|a монтаж
|
| 675 |
|
|
|a 621.181
|v 3
|
| 700 |
|
1 |
|a Зелонджев
|b О. М.
|g Олег Михайлович
|
| 801 |
|
1 |
|a RU
|b 63413507
|c 20150521
|
| 801 |
|
2 |
|a RU
|b 63413507
|c 20220824
|g RCR
|
| 942 |
|
|
|c BK
|